British Actors - Sudden Death - Statistics

General Stats
  • This quiz has been taken 162 times
  • The average score is 7 of 14
Answers on the Grid
Answers color-coded by a green-red scale on the quiz's grid according to % correct below.
Alec Guinness
Brad Pitt
Chris Hemsworth
Christian Bale
Christopher Lee
Cillian Murphy
Colin Farrell
Colin Firth
Daniel Craig
Daniel Radcliffe
Diego Luna
Gary Oldman
Hugh Grant
Jeremy Irons
Johnny Depp
Liam Neeson
Matthew McConaughey
Nicolas Cage
Orlando Bloom
Pierce Brosnan
Rowan Atkinson
Ryan Gosling
Ryan Reynolds
Sean Connery
Sylvester Stallone
Tom Hanks
Tom Hardy
Woody Harrelson
 
Answer Stats
Answer % Correct
Alec Guinness
73%
Christian Bale
64%
Daniel Craig
63%
Christopher Lee
58%
Hugh Grant
58%
Daniel Radcliffe
57%
Rowan Atkinson
57%
Colin Firth
53%
Tom Hardy
48%
Gary Oldman
45%
Jeremy Irons
45%
Sean Connery
43%
Orlando Bloom
34%
Liam Neeson
23%
No matching quizzes found
Score Distribution
Percent of People with Each Score
Percentile by Number Answered
Your Score History
You have not taken this quiz